| 000 | 00590nam a2200181 i 4500 | ||
|---|---|---|---|
| 001 | 43759 | ||
| 003 | ES-MaACL | ||
| 005 | 20230906160853.0 | ||
| 007 | t| | ||
| 008 | 030318m19551959sp |||| | spa d | ||
| 245 | 0 | 0 | _aCatálogo comercial hispanoamericano y de los países árabes. |
| 246 | 3 | 0 | _aIbar |
| 260 |
_a[Madrid] : _bOficina informativa de comercio exterior, _c1955-1959. |
||
| 300 |
_a3 v. ; _c20 cm. |
||
| 505 | 8 | _aContiene: I: Año 1955-56 - II: Año 1956-57-58 (faltan) - III: 1958-59 | |
| 650 | 4 |
_aEmpresas- _zEspaña- _vDirectorios. _9154437 |
|
| 852 |
_aES-MaACL _jC-33377-79 |
||
| 999 |
_c43759 _d43759 |
||